Normal view
MARC view
- HEAT TRANSMISSION MASS TRANSRER
Entry Topical Term
001 - CONTROL NUMBER
- control field: 58052
003 - CONTROL NUMBER IDENTIFIER
- control field: NUST
005 - DATE AND TIME OF LATEST TRANSACTION
- control field: 20210628202040.0
008 - FIXED-LENGTH DATA ELEMENTS
- fixed length control field: 210628|| aca||aabn | a|a d
040 ## - CATALOGING SOURCE
- Original cataloging agency: NUST
- Transcribing agency: NUST
150 ## - HEADING--TOPICAL TERM
- Topical term or geographic name entry element: HEAT TRANSMISSION MASS TRANSRER
670 ## - SOURCE DATA FOUND
- Source citation: Work cat.: (NUST): Incropera, Frank P Dewitt, David P 58051, Fundamentals of heat and mass transfer, 1996
